Polskie miasta cześciowo o tych samych nazwach - Statystyki

Ogólne statystyki
  • Ten quiz został rozwiązany 29 razy
    24 od ostatniego zresetowania
  • Średni wynik to 49 z 102
Statystyki odpowiedzi
Lp. Województwo Liczba ludności Odpowiedź % Poprawnych
łódzkie 61338 Tomaszów Mazowiecki
90%
łódzkie 21754 Aleksandrów Łódzki
85%
29. opolskie 127839 Opole
85%
41. lubelskie 18783 Tomaszów Lubelski
85%
1. kujawsko-pomorskie 12058 Aleksandrów Kujawski
80%
lubelskie 8320 Opole Lubelskie
80%
16. podkarpackie 45948 Krosno
75%
24. kujawsko-pomorskie 5724 Nowe
75%
mazowieckie 1530 Nowe Miasto
75%
małopolskie 33257 Nowy Targ
75%
3. opolskie 35226 Brzeg
70%
śląskie 118285 Dąbrowa Górnicza
70%
8. opolskie 2439 Gorzów Śląski
70%
lubuskie 122589 Gorzów Wielkopolski
70%
lubuskie 11155 Krosno Odrzańskie
70%
warmińsko-mazurskie 10709 Nowe Miasto Lubawskie
70%
26. pomorskie 9862 Nowy Dwór Gdański
70%
mazowieckie 28691 Nowy Dwór Mazowiecki
70%
małopolskie 83558 Nowy Sącz
70%
mazowieckie 22216 Ostrów Mazowiecka
70%
wielkopolskie 71560 Ostrów Wielkopolski
70%
2. opolskie 2390 Biała
65%
lubelskie 56942 Biała Podlaska
65%
małopolskie 11844 Dąbrowa Tarnowska
65%
13. wielkopolskie 99106 Kalisz
65%
lubuskie 38191 Nowa Sól
65%
wielkopolskie 14319 Nowy Tomyśl
65%
4. śląskie 163255 Bytom
60%
7. dolnośląskie 66120 Głogów
60%
10. mazowieckie 32452 Grodzisk Mazowiecki
60%
wielkopolskie 14713 Grodzisk Wielkopolski
60%
zachodniopomorskie 4363 Kalisz Pomorski
60%
30. lubeskie 2089 Ostrów Lubelski
60%
33. kujawsko-pomorskie 2710 Pruszcz
60%
pomorskie 31578 Pruszcz Gdański
60%
lubelskie 15428 Radzyń Podlaski
60%
opolskie 17657 Strzelce Opolskie
60%
lubuskie 4244 Bytom Odrzański
55%
19. warmińsko-mazurskie 7635 Lidzbark
55%
warmińsko-mazurskie 15489 Lidzbark Warmiński
55%
32. kujawsko-pomorskie 4392 Piotrków Kujawski
55%
łódzkie 72250 Piotrków Trybunalski
55%
40. dolnośląskie 9562 Środa Śląska
55%
wielkopolskie 23672 Środa Wielkopolska
55%
dolnośląskie 12480 Brzeg Dolny
50%
6. podlaskie 5402 Dąbrowa Białostocka
50%
podkarpackie 9800 Głogów Małopolski
50%
mazowieckie 3672 Nowe Miasto nad Pilicą
50%
mazowieckie 18814 Sokołów Podlaski
50%
39. lubuskie 9833 Strzelce Krajeńskie
50%
9. dolnośląskie 11574 Góra
45%
mazowieckie 11988 Góra Kalwaria
45%
zachodniopomorskie 8677 Kamień Pomorski
45%
15. wielkopolskie 9697 Kostrzyn
45%
lubuskie 17704 Kostrzyn nad Odrą
45%
17. pomorskie 1290 Krynica Morska
45%
małopolskie 10456 Krynica-Zdrój
45%
dolnośląskie 21643 Nowa Ruda
45%
28. wielkopolskie 17848 Oborniki
45%
dolnośląskie 9075 Oborniki Śląskie
45%
37. podkarpackie 4210 Sokołów Małopolski
45%
42. świętokrzyskie 1082 Wodzisław
45%
śląskie 47576 Wodzisław Śląski
45%
łódzkie 3132 Biała Rawska
40%
12. lubelskie 2473 Józefów
40%
mazowieckie 20741 Józefów
40%
lubelskie 902 Józefów nad Wisłą
40%
małopolskie 2763 Nowy Wiśnicz
40%
36. świętokrzyskie 6359 Sędziszów
40%
podkarpackie 12415 Sędziszów Małopolski
40%
małopolskie 1654 Nowe Brzesko
35%
lubuskie 2724 Nowe Miasteczko
35%
35. lubelskie 2026 Rejowiec
35%
lubelskie 4328 Rejowiec Fabryczny
35%
14. kujawsko-pomorskie 2335 Kamień Krajeński
30%
23. podkarpackie 11006 Nowa Dęba
30%
podkarpackie 5740 Nowa Sarzyna
30%
31. świętokrzyskie 4451 Ożarów
30%
mazowieckie 12432 Ożarów Mazowiecki
30%
34. kujawsko-pomorskie 1784 Radzyń Chełmiński
30%
warmińsko-mazurskie 4047 Biała Piska
25%
5. podlaskie 9198 Czarna Białostocka
25%
20. wielkopolskie 2933 Lwówek
25%
dolnośląskie 8753 Lwówek Śląski
25%
21. mazowieckie 9575 Maków Mazowiecki
25%
małopolskie 5769 Maków Podhalański
25%
38. kujawsko-pomorskie 15614 Solec Kujawski
25%
11. lubelskie 1739 Izbica
20%
kujawsko-pomorskie 2594 Izbica Kujawska
20%
18. małopolskie 817 Książ Wielki
20%
wielkopolskie 2718 Książ Wielkopolski
20%
śląskie 7418 Miasteczko Śląskie
20%
świętokrzyskie 1356 Nowa Słupia
20%
27. świętokrzyskie 904 Nowy Korczyn
20%
pomorskie 4226 Nowy Staw
20%
mazowieckie 939 Solec nad Wisłą
20%
pomorskie 2763 Czarna Woda
15%
22. wielkopolskie 1080 Miasteczko Krajeńskie
15%
zachodniopomorskie 1178 Nowe Warpno
15%
wielkopolskie 4744 Nowe Skalmierzyce
10%
25. podlaskie 2150 Nowogród
10%
lubuskie 5060 Nowogród Bobrzański
5%
Nie znaleziono quizów pasujących do podanych kryteriów
Rozkład punktacji
Procent ludzi z każdym wynikiem
Percentyl według liczby udzielonych odpowiedzi
Twoja historia wyników
Nie rozwiązałeś tego quizu od ostatniego zresetowania